Plant biotechnology: The genetic manipulation of plants (Record no. 15303)
[ view plain ]
| 000 -LEADER | |
|---|---|
| fixed length control field | 00502nam a22001577a 4500 |
| 020 ## - INTERNATIONAL STANDARD BOOK NUMBER | |
| ISBN | 9780199560875 |
| 082 ## - DEWEY DECIMAL CLASSIFICATION NUMBER | |
| Classification number | 631.523 |
| Item number | SLA/PL |
| 100 ## - MAIN ENTRY--AUTHOR NAME | |
| Personal name | SLATER, ADRIAN |
| 245 ## - TITLE STATEMENT | |
| Title | Plant biotechnology: The genetic manipulation of plants |
| 250 ## - EDITION STATEMENT | |
| Edition statement | 2 |
| 260 ## - PUBLICATION, DISTRIBUTION, ETC. (IMPRINT) | |
| Place of publication | New Delhi |
| Name of publisher | Oxford University Press |
| Year of publication | 2008 |
| 500 ## - GENERAL NOTE | |
| General note | Plant biotechnology: The genetic manipulation of plants |
| 520 ## - SUMMARY, ETC. | |
| Summary, etc | Plant biotechnology: The genetic manipulation of plants |
| 700 ## - ADDED ENTRY--PERSONAL NAME | |
| Personal name | Scott, Nigel W. |
| 942 ## - ADDED ENTRY ELEMENTS (KOHA) | |
| Koha item type | Books |
| Withdrawn status | Lost status | Damaged status | Home library | Current library | Date acquired | Source of acquisition | Cost, normal purchase price | Full call number | Accession Number | Koha item type |
|---|---|---|---|---|---|---|---|---|---|---|
| KAUAET | KAUAET | 30/03/2013 | Aman Book Stall, Calicut | 275.00 | 631.523 SLA/PL | 24095 | Books |
